El manual para exposiciones florales : cultivo, montaje, exhibición, juzgamiento /

Contenido: La exposición floral estándar; Procedimiento de exposiciones florales; El montaje de la exposición floral; Los premios en la exposición floral; Exhibiendo; La horticultura; El arte de diseñar con material de planta; Los elmentos y los principios de diseño; Las exhibiciones especiales; Los...

詳細記述

保存先:
書誌詳細
団体著者: National Council of State Garden Clubs
フォーマット: 図書
言語:スペイン語
出版事項: Monterrey, México : National Council of State Garden Clubs, 1991, c1987
主題:
タグ: タグ追加
タグなし, このレコードへの初めてのタグを付けませんか!

MARC

LEADER 00000nam^a2200000^a^4500
001 000175057
005 20250521000000.0
009 20260310101550.789
037 |a Acervo ITESO - Biblioteca 
041 |a ESP 
082 |a 635. 9  |b NAT 
110 |a National Council of State Garden Clubs 
245 1 3 |a El manual para exposiciones florales :  |b cultivo, montaje, exhibición, juzgamiento /  |c National Council of State Garden Clubs ; introd. de Abner B. Belcher ; tr. por Benigno de Hoyos Dávila, Margarita de la Garza de Hoyos. 
264 4 |a Monterrey, México :  |b National Council of State Garden Clubs,  |c 1991, c1987 
300 |a X, 251 p. 
336 |a texto  |b txt  |2 rdacontenido 
337 |a sin mediación  |b n  |2 rdamedio 
338 |a volumen  |b nc  |2 rdasoporte 
500 |a Traducción de: The Handbook of Flower Shows 
520 |a Contenido: La exposición floral estándar; Procedimiento de exposiciones florales; El montaje de la exposición floral; Los premios en la exposición floral; Exhibiendo; La horticultura; El arte de diseñar con material de planta; Los elmentos y los principios de diseño; Las exhibiciones especiales; Los certificados de los jueces; La ética y los procedimientos para juzgar; Premios National Council Flower Show Achievement Awards; Las escuelas de exposición floral; Apéndice. 
649 |a XX 
650 |a Floricultura 
650 |a Ferias Comerciales (Diseño y Montaje) 
650 |a Concursos Mercantiles 
650 |a Horticultura 
910 |a Fondo General 
920 |a Impresos - Libros 
930 |a Colección General 
905 |a 101 
901 |a 0500112979  |b IT1  |c ACC  |u 20250521 
902 |a https://opac.biblio.iteso.mx/vufind/Record/000175057